| 000 | 00925nam a22002177a 4500 | ||
|---|---|---|---|
| 003 | 0 | ||
| 005 | 20250213115807.0 | ||
| 008 | 250213b xxu||||| |||| 00| 0 eng d | ||
| 050 |
_aLB 1028.43 _b.D66 2023 |
||
| 100 | _aDonor, Charles L. | ||
| 245 |
_aDesign and development of an alumni tracking system for the tertiary level of SISC Office of the Student Affairs _cCharles L. Donor |
||
| 260 |
_aLas Pinas City _bSouthville International School and Colleges _cc2023. |
||
| 300 |
_axi, 153 pages ; _c28cm. |
||
| 500 | _aBachelor of Science in Information Technology. | ||
| 504 | _aIncludes bibliographical references and appendices. | ||
| 650 | _aAlumni and alumnae—Tracking systems. | ||
| 650 | _a Educational technology—Higher education. | ||
| 650 | _aDatabase management—Educational institutions. | ||
| 650 | _a Southville International School and Colleges—Alumni Tracking System. | ||
| 942 |
_2lcc _cTH |
||
| 999 |
_c367202 _d367202 |
||